000 00649nam a22001817a 4500
003 OSt
005 20251118130405.0
008 251118b |||||||| |||| 00| 0 eng d
020 _a971-685-726-9.
040 _aDWC-Main Lib.
_cOC
082 _aFil. 370 C737 2011
110 _aLORIMAR PUBLISHING INC.
245 _aComprehensive LET reviewer based on NCBTS and Table of Specifications (TOS) :
_bprofessional education BEEd & BSEd/
_cLORIMAR PUBLISHING INC.
260 _aQuezon City :
_bLorimar Pub. , Inc. ,
_cc2011.
300 _a186 p. ;
_c25 cm.
650 _a1. Education-Examinations, questions, etc.
942 _2ddc
_cBK - FIL
_hFil.
_n0
999 _c5791
_d5791